Control Engineering: An introduction with the use of Matlab (Record no. 10352)

000 -LEADER
fixed length control field 00406 a2200133 4500
020 ## - INTERNATIONAL STANDARD BOOK NUMBER
International Standard Book Number 9788776814663
040 ## - CATALOGING SOURCE
Original cataloging agency DLC
Language of cataloging DLC
100 ## - MAIN ENTRY--PERSONAL NAME
Personal name Atherton, Derek
245 ## - TITLE STATEMENT
Title Control Engineering: An introduction with the use of Matlab
Statement of responsibility, etc. Derek Atherton
260 ## - PUBLICATION, DISTRIBUTION, ETC.
Place of publication, distribution, etc. Denmark:
Name of publisher, distributor, etc. Book Boon,
Date of publication, distribution, etc. 2009.
300 ## - PHYSICAL DESCRIPTION
Extent 155 p. :
Other physical details ill. ;
Dimensions 27 cm.
650 ## - SUBJECT ADDED ENTRY--TOPICAL TERM
Topical term or geographic name entry element 1.Atomatic Control. 2.Control Theory.
942 ## - ADDED ENTRY ELEMENTS (KOHA)
Koha item type Book
Call number prefix 629.8 ATH
Source of classification or shelving scheme
Holdings
Withdrawn status Lost status Damaged status Not for loan Collection code Permanent Location Current Location Shelving location Date acquired Source of acquisition Cost, normal purchase price Total Checkouts Total Renewals Full call number Barcode Checked out Date last seen Date last checked out Price effective from Koha item type
          Central Library (CL) Central Library (CL) General Stacks 01/13/2011 Photo copy point 270.00 5 1 629.8 ATH SEECS010467 06/21/2022 02/21/2022 02/21/2022 01/05/2017 Book
          Central Library (CL) Central Library (CL) General Stacks 01/13/2011 Photo copy point 270.00 1 3 629.8 ATH SEECS010468   02/25/2024 09/21/2023 01/05/2017 Book
© 2023 Central Library, National University of Sciences and Technology. All Rights Reserved.